00749nam a2200193Ia 45000010006000000050017000060080041000230410008000640820023000721000053000952450181001482600009003293000029003386500008003676540008003759420025003839990017004089520130004251729320260306171507.0260306s9999||||xx |||||||||||||| ||und|| aESP a657.61bI61BR 2018 aInternational Financial Reporting StandardseAUT 0aLas normas NIIF ilustradas parte B:bnormas requeridas para los periodos contables que comiencen a partir del 1 de enero de 2018, excluyendo los cambios no requeridos todavía c2018 aB940 páginas :c25 cm. aGEN aCCO cLIBdJUSfJUS2ddcn c17293d17293 o657.61 I61BR 2018p10627958UCSPt17052bVABaVABcPPd2026-06-03e6r2026-03-06 22:15:07l0w2026-03-06yLIB102ddc4000